000 00301nam a2200133Ia 4500
008 151001s9999||||xx |||||||||||||| ||und||
100 _aमुक्ता केणेकर
245 _aवचन
250 _a1
260 _bदिलीप
260 _c1979
300 _a364
365 _b18
999 _c960438
_d960435